Prépositions et Conjonctions ALL - Statistiques

Statistiques générales
  • Ce quiz a été pris 2 fois
  • Le résultat moyen est 13 sur 32
Statistiques - réponses
Hint Types Réponse % Correct
contre gegen
100%
dans in
100%
et Conjonctions de coordination und
100%
parce que weil
100%
mais aber
50%
sur auf
50%
chez, près de bei
50%
car denn
50%
pour für
50%
avec mit
50%
après, vers nach
50%
ou oder
50%
sans ohne
50%
depuis seit
50%
autour de, à um
50%
sous, parmi unter
50%
de (qqn) von
50%
pendant prépositions avec le génitif während
50%
pendant que während
50%
si (condition ) wenn
50%
chez, vers zu
50%
lorsque (passé) als
0%
sur, à, au bord de prépositions avec le datif ou l'accusatif an
0%
de, en provenance de prépositions avec le datif aus
0%
que Conjonctions de subordination dass
0%
à travers prépositions avec l'acusatif druch
0%
bien que obwhol
0%
mais (au contraire) sondern
0%
au lieu de statt
0%
malgré trotz
0%
au-dessus de über
0%
à cause de wegen
0%
Aucun quiz correspondant
Distribution des résultats
% des personnes avec chaque résultat
Percentile par nombre de réponses
Votre historique - résultats
Vous n’avez pas pris ce quiz